Loading...

Readers digest family treasury of great biographies

Bibliographic Details
Format: Printed Book
Language:English
Published: New York Readers Digest 1970
Subjects:
LEADER 00745nam a2200253 a 4500
001 adlib96000001
003 ViArRB
005 20151026131241.0
008 960221s1955 dcuabcdjdbkoqu001 0deng d
020
022
040 |a Adlib 
082 |a 92 
245 |a Readers digest family treasury of great biographies 
250
260 |a New York  |b Readers Digest  |c 1970 
300 |a 576p. 
500 |a  Contents:- Rembrabdt Van Rijn, Elizabeth Barrett and Robert Browning, Benjamin Franklin, William Osler 
100
700
942 |c REF  |6 _ 
653 |a family treasury of great biographies 
999 |c 23473  |d 23473 
952 |0 0  |1 0  |4 0  |6 92_GRER  |7 0  |9 35060  |a UL  |b UL  |d 2010-06-16  |o 92 GRE R  |p G0000397  |r 2010-06-16  |w 2010-06-16  |y REF